Nociones sobre anatomía y fisiología de vertebrados (con énfasis especial en los peces) /
Guardado en:
| Autor Principal: | |
|---|---|
| Formato: | Libro |
| Idioma: | Spanish |
| Publicado: |
Cumaná, Venezuela :
Instituto Oceanográfico,
1968.
|
| Etiquetas: |
Agregar Etiqueta
Sin Etiquetas, Sea el primero en etiquetar este registro!
|
| LEADER | 00506nam a22001335a 4500 | ||
|---|---|---|---|
| 001 | EEA.libagro005292 | ||
| 005 | 20180912131454.0 | ||
| 008 | 130809s1968####ve#a##########000#0#spa#d | ||
| 082 | 0 | 4 | |a 597.01 |
| 100 | 1 | |a Flores, Celestino. | |
| 245 | 1 | 0 | |a Nociones sobre anatomía y fisiología de vertebrados (con énfasis especial en los peces) / |c Celestino Flores. |
| 260 | |a Cumaná, Venezuela : |b Instituto Oceanográfico, |c 1968. | ||
| 300 | |a 126 p. : |b il. ; |c 28 cm. | ||
| 859 | |a AR-BbBCA |b BIB. AGRONOMIA |h 597.01 |i F634 |p 1996/2565 | ||
